Dove giocava nel 2010-2011? - Quiz n°49 - Statistics

Statistiche generali
  • Questo quiz è stato fatto 17 volte
  • Il punteggio medio è 7 su 10
Statistiche sulle risposte
Hint Risposta % Corretto
Alexandre Pato Milan
94%
Stefano Sorrentino ChievoVerona
75%
Giampiero Pinzi Udinese
75%
Joel Obi Inter
69%
Marco Parolo Cesena
63%
Germán Pezzella River Plate
63%
Nicolás Burdisso Roma
63%
Lukas Podolski Colonia
56%
Eden Hazarde Lilla
56%
Nampalys Mendy Monaco
38%
Nessun quiz corrispondente trovato
Distribuzione punteggi
Percentuale di utenti per punteggio
Percentile per numero di risposta
I tuoi punteggi nel tempo
Non hai fatto questo quiz